El control fiscal en Colombia : (Registro nro. 326460)
[ vista simple ]
| 000 -ENCABEZADO | |
|---|---|
| Número de control [NR] | 01307nam a22002297a 4500 |
| 005 - FECHA Y HORA DE LA ÚLTIMA TRANSACCIÓN | |
| control field | 20260529121208.0 |
| 008 - DE LONGITUD FIJA DE DATOS DE ELEMENTOS - INFORMACIÓN GENERAL | |
| Elementos de longitud fija [NR] | 260529t2026 |||||||| |||| 00| 0 spa d |
| 020 ## - NUMERO INTERNACIONAL NORMALIZADO PARA LIBROS [R] | |
| Número Internacional Normalizado del libro [NR] | 9789585006874 |
| 040 ## - FUENTE DE CATALOGACION [NR] | |
| Agencia de catalogación original [NR] | CO-BoUCM |
| Idioma de catalogación [NR] | spa |
| Quien Cataloga | Stefania Borbon |
| Quien Clasifica | Stefania Borbon |
| 041 ## - CODIGO DE IDIOMA [R] | |
| Código de idioma para texto/pista de sonido o título separado [R] | Español |
| 100 ## - ASIENTO PRINCIPAL--NOMBRE PERSONAL [NR] | |
| Nombre personal [NR] | Aguirre Acevedo, Iván |
| ID Autoridad | 189524 |
| 245 ## - MENCION DE TITULO [NR] | |
| Título [NR] | El control fiscal en Colombia : |
| Parte restante del título [NR] | ¿Un control incompleto? Comparación de legislaciones de Estados Unidos, España y Colombia / |
| Mención de responsabilidad, etc. [NR] | Iván Aguirre Acevedo |
| 260 ## - PUBLICACION, DISTRIBUCION, ETC. (PIE DE IMPRENTA) [R] | |
| Lugar de publicación, distribución, etc. [R] | Bogotá, D. C. : |
| Nombre del editor, distribuidor, etc. [R] | Editorial Universidad del Rosario, |
| Fecha de publicación, distribución, etc. [R] | 2026 |
| 300 ## - DESCRIPCION FISICA [R] | |
| Extensión [R] | 594 páginas |
| 520 3# - NOTA DE RESUMEN, ETC. [R] | |
| Nota de sumario, etc. [NR] | "La obra tiene como tema central el papel del control fiscal en el cumplimiento de los fines esenciales del Estado, a partir de un ejercicio de derecho comparado entre Estados Unidos, España y Colombia. Su objetivo es demostrar que el modelo colombiano es incompleto e ineficaz por carecer de un nivel de control fiscal interno y por arrastrar problemas de diseño desde 1923..." |
| 650 #4 - ASIENTO SECUNDARIO DE MATERIA - TERMINO TEMATICO [R] | |
| Término temático o nombre geográfico como elemento de entrada [NR] | Control fiscal |
| Subdivisión geográfica [R] | Colombia |
| 9 (RLIN) | 189525 |
| 650 #4 - ASIENTO SECUNDARIO DE MATERIA - TERMINO TEMATICO [R] | |
| Término temático o nombre geográfico como elemento de entrada [NR] | Hacienda pública |
| Subdivisión general [R] | Legislación |
| Subdivisión geográfica [R] | Colombia |
| 9 (RLIN) | 103181 |
| 650 #4 - ASIENTO SECUNDARIO DE MATERIA - TERMINO TEMATICO [R] | |
| Término temático o nombre geográfico como elemento de entrada [NR] | Derecho comparado |
| Subdivisión geográfica [R] | Colombia |
| -- | Estados Unidos |
| -- | España |
| 9 (RLIN) | 189526 |
| 651 #4 - ASIENTO SECUNDARIO DE MATERIA - NOMBRE GEOGRAFICO [R] | |
| Nombre geográfico [NR] | Colombia |
| Subdivisión general [R] | Política y gobierno |
| 9 (RLIN) | 26608 |
| 942 ## - ELEMENTOS DE ENTRADA AGREGADOS (KOHA) | |
| Sistema de clasificación | DEWEY |
| Tema principal | Derecho |
| Tipo de ítem principal el descrito en 300a | Edición Rosarista |
| Edición | 1 |
| Clasificación | 352.4 |
| Parte restante de la signatura top. | A284 |
| Total préstamos | Signatura topográfica | Código de barras | Última vez visto | Ejemplar | Price effective from | Tipo de ítem | Nota pública (OPAC) | Perdido | Sistema de clasificación | Dañado | No prestable | Tipo de ítem específico | Suprimido | Ubicación habitual | Ubicación actual | Localización | Fecha de creación | Forma de adquisición | Costo | Fecha de último préstamo |
|---|---|---|---|---|---|---|---|---|---|---|---|---|---|---|---|---|---|---|---|---|
| 352.4 A284 | 100175325 | 01/06/2026 | Ej.1 | 29/05/2026 | Edición Rosarista | Ed. Rosaristas | DEWEY | Libro Edición Rosarista | Claustro | Claustro | 4to piso | 29/05/2026 | Compra | 70200.00 | ||||||
| 1 | 352.4 A284 | 100175324 | 18/06/2026 | Ej.2 | 29/05/2026 | Libro | DEWEY | Libro | Claustro | Claustro | 2do piso | 29/05/2026 | Compra | 70200.00 | 01/06/2026 | |||||
| 352.4 A284 | 100175323 | 01/06/2026 | Ej.3 | 29/05/2026 | Libro | DEWEY | Libro | Claustro | Claustro | 2do piso | 29/05/2026 | Compra | 70200.00 |